MARC details
| 000 -LEADER |
| fixed length control field |
01321nam a2200301Ia 4500 |
| 001 - CONTROL NUMBER |
| control field |
61770345 |
| 003 - CONTROL NUMBER IDENTIFIER |
| control field |
OCoLC |
| 005 - DATE AND TIME OF LATEST TRANSACTION |
| control field |
20171218224048.0 |
| 008 - FIXED-LENGTH DATA ELEMENTS--GENERAL INFORMATION |
| fixed length control field |
051004t20052001nyuab j 000 1 spa d |
| 020 ## - INTERNATIONAL STANDARD BOOK NUMBER |
| International Standard Book Number |
0439765617 (pbk.) : |
| Terms of availability |
$4.50 |
| 020 ## - INTERNATIONAL STANDARD BOOK NUMBER |
| International Standard Book Number |
9780439765619 (pbk.) |
| 040 ## - CATALOGING SOURCE |
| Original cataloging agency |
DAJ |
| Transcribing agency |
DAJ |
| 041 ## - LANGUAGE CODE |
| Language code of text/sound track or separate title |
spa |
| 100 1# - MAIN ENTRY--PERSONAL NAME |
| Personal name |
Williams, Laura E. |
| 245 13 - TITLE STATEMENT |
| Title |
El misterio de la maldicion de la mala suerte / |
| Statement of responsibility, etc. |
Laura E. Williams. |
| 260 ## - PUBLICATION, DISTRIBUTION, ETC. (IMPRINT) |
| Place of publication, distribution, etc. |
New York : |
| Name of publisher, distributor, etc. |
Scholastic, |
| Date of publication, distribution, etc. |
2005, c2001. |
| 300 ## - PHYSICAL DESCRIPTION |
| Extent |
125 p. : |
| Other physical details |
ill., map ; |
| Dimensions |
20 cm. |
| 440 #0 - SERIES STATEMENT/ADDED ENTRY--TITLE |
| Title |
Misterios del faro de mystic. |
| 520 ## - SUMMARY, ETC. |
| Summary, etc. |
Many years ago a terrible crime was committed in Mystic, Maine. The ghost of the criminal is said to haunt the area and that anyone who disturbs the scene of the crime will be struck with a bad luck curse. When archaeologists try to figure out what happened strange things occur. Jen and Zeke must uncover the secrets of the old legend before the curse turns deadly. |
| 521 ## - TARGET AUDIENCE NOTE |
| Target audience note |
New December 2006. |
| 521 ## - TARGET AUDIENCE NOTE |
| Target audience note |
Spanish language collection. |
| 650 #0 - SUBJECT ADDED ENTRY--TOPICAL TERM |
| Topical term or geographic name as entry element |
Buried treasure |
| Form subdivision |
Juvenile fiction. |
| 650 #0 - SUBJECT ADDED ENTRY--TOPICAL TERM |
| Topical term or geographic name as entry element |
Caribbean Area |
| Form subdivision |
Juvenile fiction. |
| 650 #0 - SUBJECT ADDED ENTRY--TOPICAL TERM |
| Topical term or geographic name as entry element |
Mystery and detective stories. |
| 650 #0 - SUBJECT ADDED ENTRY--TOPICAL TERM |
| Topical term or geographic name as entry element |
Shipwrecks |
| Geographic subdivision |
Caribbean Area |
| Form subdivision |
Juvenile fiction. |
| 650 #0 - SUBJECT ADDED ENTRY--TOPICAL TERM |
| Topical term or geographic name as entry element |
Spanish language materials |
| Form subdivision |
Juvenile fiction. |
| 942 ## - ADDED ENTRY ELEMENTS (KOHA) |
| Koha item type |
Libro/Book |